000 01159cam a22002055a 4500
001 L158271
008 140821s2014 xxk f 000 0 eng d
035 _a(Sirsi) u158271
041 0 _aeng
110 2 _aRoyal Institution of Chartered Surveyors
_94900
245 0 0 _aProperty in Politics
_bdriving economic growth and building better communities
_h[electronic resource]
260 _aLondon
_bRICS
_c2014
520 _aSets out 12 recommendations that RICS believe should be implemented by a future Government to create a vibrant property marketplace in the UK. Property in Politics is a conversation between property professionals and the political parties about the role property plays in driving the UK's economic growth and building better communities. It focuses on housing, planning and development, construction and infrastructure. Follow the discussion on Twitter using #PropertyinPolitics.
590 _aKA
650 2 4 _aABOUT RICS
651 4 _aENGLAND AND WALES
690 _aPlanning and development
_96259
856 4 0 _uhttps://www.rics.org/Global/Property-in-Politics.pdf
_zView the item free of charge from the www.rics.org
942 _n0
999 _c115237
_d115237